000 00729nam a22002297a 4500
003 UA-OsUOA
001 44222
007 ta
008 20100702b un ||||| |||| 00| 0 ukr d
090 _a94(477).15
_bД50
942 _cBK
040 _aUA-OsUOA
_bukr
_cUA-OsUOA
_dUA-OsUOA
245 _aДіти емігрантів. Про себе. Сповіді. Думки. Судження... Біль
300 _a180 с.
955 _a1
041 _aukr
080 _a94(477).15
260 _aЛьвів
_bАртос
_c2009
650 7 _a9 Географія. Біографії. Історія
_2UDC
999 _c424142
_d424142